Statistics for Mortal Kombat Ultimate Quiz

Click here to take the quiz!

General Stats

  • This quiz has been taken 882 times
  • The average score is 9 of 15

Answer Stats

HintAnswer% Correct
Which female fighter works in the special forces?Sonya
91%
Which fighter is also an actor?Johnny Cage
88%
Who attacks with water?Rain
88%
Which male fighter works in the special forces?Jax
87%
Which fighter was named after Mortal Kombat creator Ed Boon?Noob
79%
Which fighter uses telekenesis?Kenshi
76%
Which female fighter got turned into a Tarkottan(Baraka)?Mileena
75%
Who was a member of the Black Dragon special forces but turned evil?Kano
71%
How many test your strike challenges are on Mortal Kombat 9?10
57%
Which fighter has an arena specifically for him?Scorpion
44%
Which fighter has the name of a type of a snake?Kobra
37%
What realm is Freddy Krueger in?Dreamrealm
29%
What is Kenshi's sword's name?Sento
26%
Which 2 characters can turn invisible on Mortal Kombat 9? Will take both.Reptile and smoke
16%
On Mortal Kombat 9 what is Sektor's 2nd fatality called?The Scarecrow
5%

Score Distribution

Percentile by Number Answered

Percent of People with Each Score

Your Score History

You have not taken this quiz